Využitie baktérii v recyklácii elektronického odpadu
Salvato in:
| Autore principale: | |
|---|---|
| Altri autori: | |
| Natura: | Manoscritto Libro |
| Lingua: | slovacco |
| Pubblicazione: |
2018
|
| Soggetti: | |
| Accesso online: | http://is.stuba.sk/zp/portal_zp.pl?podrobnosti=123861 |
| Tags: |
Nessun Tag, puoi essere il primo ad aggiungerne!!
|
MARC
| LEADER | 00000ntm a22000003a 4500 | ||
|---|---|---|---|
| 001 | stuzp68613 | ||
| 003 | SK-STU | ||
| 005 | 20180820160522.1 | ||
| 007 | ta | ||
| 008 | 150427s2015----xo-----f-mn---000-0-slo-d | ||
| 040 | |a STU |b slo | ||
| 041 | 0 | |a slo | |
| 100 | 1 | |a Czére, Imrich |u 061000 |4 aut |U MTF Materiálovotechnologická fakulta |T MTF Ústav materiálov |X 80467 |U M1000 |Y 81 |7 80467 | |
| 242 | 0 | 1 | |a Use of bacteria in electronic waste recycling |y eng |
| 245 | 1 | 0 | |a Využitie baktérii v recyklácii elektronického odpadu |
| 260 | |c 2018 | ||
| 650 | 4 | |a Biometalurgia |2 slo | |
| 650 | 4 | |a Biolúhovanie |2 slo | |
| 650 | 4 | |a Elektronický odpad |2 slo | |
| 650 | 4 | |a Bioleaching |2 eng | |
| 650 | 4 | |a Biometallurgy |2 eng | |
| 650 | 4 | |a Electronic wastes |2 eng | |
| 700 | 1 | |a Pašák, Matej |u 061000 |k Z1 |4 ths |U MTF Materiálovotechnologická fakulta |T MTF Ústav materiálov |X 34383 |U M1000 |Y 81 |7 A000034383 | |
| 856 | 4 | |u http://is.stuba.sk/zp/portal_zp.pl?podrobnosti=123861 | |
| 996 | |c M* BP-8264 |l MMSKP |s P |a 0 |w stuzp68613_0001 | ||